Statistics for Champions League Top Goal Scorers

Click here to take the quiz!

General Stats

  • This quiz has been taken 48,887 times
    (7,784 since last reset)
  • The average score is 26 of 55

Answer Stats

# Player Nationality % Correct
126Cristiano RonaldoPortugal
100%
112Lionel MessiArgentina
100%
48Zlatan IbrahimovicSweden
86%
44Didier DrogbaIvory Coast
84%
53Robert LewandowskiPoland
84%
50Thierry HenryFrance
84%
71RaúlSpain
82%
21Luis SuárezUruguay
81%
34Gerd MüllerWest Germany
78%
42Thomas MüllerGermany
78%
48Andriy ShevchenkoUkraine
74%
60Karim BenzemaFrance
71%
32NeymarBrazil
71%
30Wayne RooneyEngland
71%
56Ruud van NistelrooyNetherlands
68%
30Samuel Eto'oCameroon
68%
34Edinson CavaniUruguay
63%
37Sergio AgüeroArgentina
62%
25Robin van PersieNetherlands
61%
31Arjen RobbenNetherlands
61%
28Ryan GiggsWales
59%
21Jose Augusto TorresPortugal
57%
35Ferenc PuskásHungary
56%
22Edin DžekoBosnia
54%
42Alessandro Del PieroItaly
54%
23Frank LampardEngland
53%
21Steven GerrardEngland
53%
24Luís FigoPortugal
53%
46EusébioPortugal
49%
27RivaldoBrazil
44%
46Filippo InzaghiItaly
44%
49Alfredo Di StéfanoSpain/Argentina
42%
30KakáBrazil
38%
21Mario MandžukićCroatia
38%
21Antoine GriezmannFrance
38%
22Gonzalo HiguaínArgentina
38%
29David TrezeguetFrance
36%
23Jari LitmanenFinland
33%
24Paul ScholesEngland
33%
29Patrick KluivertNetherlands
27%
25Hernán CrespoArgentina
27%
21Claudio PizarroPeru
26%
26Mario GómezGermany
23%
33Fernando MorientesSpain
22%
21Luiz AdrianoBrazil
15%
29Roy MakaayNetherlands
14%
28Jean-Pierre PapinFrance
11%
25Giovane ÉlberBrazil
10%
21Serhiy RebrovUkraine
10%
32Francisco GentoSpain
9%
25Mário JardelBrazil
7%
24José AltafiniBrazil/Italy
5%
21AmancioSpain
5%
24Marco SimoneItaly
4%
22SantillanaSpain
4%

Score Distribution

Percentile by Number Answered

Percent of People with Each Score

Your Score History

You have not taken this quiz since the last reset